Technical report writing today (Record no. 177036)

000 -LEADER
fixed length control field 00405nam a2200145Ia 4500
008 - FIXED-LENGTH DATA ELEMENTS--GENERAL INFORMATION
fixed length control field 220217s9999||||xx |||||||||||||| ||und||
020 ## - INTERNATIONAL STANDARD BOOK NUMBER
International Standard Book Number 81-7722-526-X
082 ## - DEWEY DECIMAL CLASSIFICATION NUMBER
Classification number 410 RIO
100 ## - MAIN ENTRY--PERSONAL NAME
Personal name Riordan, Daniel, G and Pauley, Steven, E
9 (RLIN) 5863
245 #0 - TITLE STATEMENT
Title Technical report writing today
250 ## - EDITION STATEMENT
Edition statement 8th
260 ## - PUBLICATION, DISTRIBUTION, ETC.
Place of publication, distribution, etc. Biztantra
Name of publisher, distributor, etc. New Delhi
Date of publication, distribution, etc. 2007
300 ## - PHYSICAL DESCRIPTION
Other physical details 249
650 ## - SUBJECT ADDED ENTRY--TOPICAL TERM
Topical term or geographic name entry element GENERAL KNOWLEDGE
9 (RLIN) 3314
Holdings
Withdrawn status Lost status Damaged status Not for loan Collection code Home library Current library Shelving location Date acquired Full call number Barcode Date last seen Price effective from Koha item type
        Humanity Science Central Library Central Library Reference 02/18/2022 410 RIO 12225 02/18/2022 02/18/2022 Books

Powered by Koha